Normal view
MARC view
- WALTHER V. JOHN
Entry Personal Name
001 - CONTROL NUMBER
- control field: 89405
003 - CONTROL NUMBER IDENTIFIER
- control field: NUST
005 - DATE AND TIME OF LATEST TRANSACTION
- control field: 20220223114545.0
008 - FIXED-LENGTH DATA ELEMENTS
- fixed length control field: 220223|| aca||aabn | a|a d
040 ## - CATALOGING SOURCE
- Original cataloging agency: NUST
- Transcribing agency: NUST
100 ## - HEADING--PERSONAL NAME
- Personal name: WALTHER V. JOHN
670 ## - SOURCE DATA FOUND
- Source citation: Work cat.: (NUST): WALTHER V. JOHN., ESSENTIALS OF GEOCHEMISTRY /, 2009.
